[Event "Olympiad Women-39"]
[Site "Khanty-Mansiysk"]
[Date "2010.09.21"]
[Round "1.21"]
[White "Reizniece Ozola, Dana"]
[Black "Saleh, Nora Mohd"]
[Result "1-0"]
[WhiteElo "2318"]
[BlackElo "1906"]
[PlyCount "89"]
[EventDate "2010.09.21"]
[EventType "team-swiss"]
[EventRounds "11"]
[EventCountry "RUS"]
[SourceTitle "CBM 139"]
[Source "ChessBase"]
[SourceDate "2010.11.18"]
[SourceVersion "1"]
[SourceVersionDate "2010.11.18"]
[SourceQuality "1"]
[WhiteTeam "Latvia (W)"]
[BlackTeam "United Arab Emirates (W)"]
[WhiteTeamCountry "LAT"]
[BlackTeamCountry "UAE"]

1. c4 Nf6 2. Nc3 e6 3. e4 d5 4. e5 Nfd7 5. Nf3 d4 6. Nb5 c5 7. b4 Nc6 8. bxc5 Bxc5 9. Bb2 Ndxe5 10. Nxe5 Nxe5 11. Qh5 Nd7 12. Bxd4 Bxd4 13. Nxd4 Qf6 14. Nc2 e5 15. Be2 0-0 16. Ne3 Re8 17. 0-0 Nf8 18. Rfe1 Ng6 19. Nd5 Qd6 20. Bf3 Be6 21. g3 Rac8 22. d3 b5 23. Red1 Qa6 24. cxb5 Qxb5 25. Ne3 Qb2 26. Rab1 Qd4 27. Be4 Rb8 28. Qe2 Rb6 29. Nc4 Rxb1 30. Rxb1 f5 31. Bg2 Rd8 32. Bf1 e4 33. dxe4 fxe4 34. Re1 Rf8 35. Qe3 Qxe3 36. Rxe3 Bd5 37. Nd6 Bxa2 38. Nxe4 Bd5 39. Nc3 Bc6 40. Bc4+ Kh8 41. Nb5 a5 42. Nd6 Rf6 43. Nf7+ Kg8 44. Nd8+ Kh8 45. Nxc6 1-0

[Event "UAE-ch (Women)"]
[Site "Abu Dhabi"]
[Date "2010.07.04"]
[Round "5"]
[White "Al Harmoudi, Mona"]
[Black "Saleh, Nora Mohd"]
[Result "1/2-1/2"]
[WhiteElo "1870"]
[BlackElo "1909"]
[PlyCount "86"]
[EventDate "2010.07.01"]
[EventType "swiss"]
[EventRounds "6"]
[EventCountry "UAE"]
[SourceTitle "EXT 2012"]
[Source "ChessBase"]
[SourceDate "2011.11.24"]
[SourceVersion "1"]
[SourceVersionDate "2011.11.24"]
[SourceQuality "1"]

1. d4 d5 2. Nf3 Nf6 3. Bf4 c6 4. e3 Qb6 5. Qc1 Bf5 6. Nbd2 e6 7. h3 Be7 8. Be2 h6 9. c3 Nbd7 10. Bh2 Rc8 11. 0-0 0-0 12. Ne1 c5 13. Bd3 Bxd3 14. Nxd3 cxd4 15. exd4 Qa6 16. Qb1 b6 17. Re1 Qb7 18. Ne5 Nxe5 19. Bxe5 Nd7 20. Bg3 Bf6 21. Nf3 b5 22. Qd3 Rfd8 23. a3 a5 24. Rac1 b4 25. axb4 axb4 26. Bh4 Bxh4 27. Nxh4 bxc3 28. bxc3 Qc7 29. Nf3 Qc4 30. Qd2 Rc7 31. Ne5 Nxe5 32. Rxe5 Rdc8 33. Re3 Qc6 34. Rg3 Kh7 35. Qd3+ Kh8 36. Qf3 Qe8 37. Qg4 Qf8 38. Qf4 Rc6 39. Rf3 R8c7 40. g4 Qd6 41. Qe3 Qe7 42. Kg2 Qh4 43. Rg3 Qg5 1/2-1/2

[Event "UAE-ch (Women)"]
[Site "Abu Dhabi"]
[Date "2010.07.03"]
[Round "4"]
[White "Saleh, Nora Mohd"]
[Black "Al Zarouni, Kholoud Essa"]
[Result "1-0"]
[WhiteElo "1909"]
[BlackElo "1883"]
[PlyCount "45"]
[EventDate "2010.07.01"]
[EventType "swiss"]
[EventRounds "6"]
[EventCountry "UAE"]
[SourceTitle "EXT 2012"]
[Source "ChessBase"]
[SourceDate "2011.11.24"]
[SourceVersion "1"]
[SourceVersionDate "2011.11.24"]
[SourceQuality "1"]

1. d4 d5 2. Bg5 Nd7 3. e3 Ngf6 4. f4 e6 5. Bd3 Be7 6. Nd2 0-0 7. Ngf3 c5 8. c3 b6 9. Ne5 Bb7 10. Qf3 Rc8 11. 0-0 Nxe5 12. fxe5 Ne4 13. Bxe7 Qxe7 14. Nxe4 dxe4 15. Bxe4 Bxe4 16. Qxe4 cxd4 17. exd4 Qd7 18. Rf3 b5 19. Rh3 h6 20. Rf1 a5 21. Qg4 Kh7 22. Qh5 Kg8 23. Rf6 1-0